Sports Quiz

Random Sports Quiz
Score 0/121 Timer 07:00
1 Play Today
Match Answer % Correct
SwedenGrégory Coupet
98.7%
SwedenThierry Henry
98.7%
SwedenDavid Trezeguet
98.7%
SwitzerlandDavid Trezeguet
98.7%
IsraelDavid Trezeguet
98.7%
HungaryGrégory Coupet
98.7%
Ivory CoastGrégory Coupet
98.7%
Ivory CoastLilian Thuram
98.7%
Ivory CoastZinédine Zidane
98.7%
Ivory CoastThierry Henry
98.7%
Faroe IslandsGrégory Coupet
98.7%
Faroe IslandsLilian Thuram
98.7%
Faroe IslandsZinédine Zidane
98.7%
Faroe IslandsThierry Henry
98.7%
IrelandGrégory Coupet
98.7%
IrelandLilian Thuram
98.7%
IrelandZinédine Zidane
98.7%
IrelandThierry Henry
98.7%
SwitzerlandGrégory Coupet
98.7%
SwitzerlandLilian Thuram
98.7%
SwitzerlandZinédine Zidane
98.7%
CyprusGrégory Coupet
98.7%
CyprusLilian Thuram
98.7%
CyprusZinédine Zidane
98.7%
Costa-RicaLilian Thuram
98.7%
Costa-RicaThierry Henry
98.7%
GermanyGregory Coupet
98.7%
GermanyLilian Thuram
98.7%
GermanyThierry Henry
98.7%
GermanyDavid Trezeguet
98.7%
SwedenWilliam Gallas
97.4%
SwedenPatrick Vieira
97.4%
SwitzerlandFabien Barthez
97.4%
SwitzerlandWilly Sagnol
97.4%
SwitzerlandWilliam Gallas
97.4%
SwitzerlandPatrick Vieira
97.4%
IsraelFabien Barthez
97.4%
IsraelWilly Sagnol
97.4%
IsraelWilliam Gallas
97.4%
IsraelPatrick Vieira
97.4%
HungaryWilliam Gallas
97.4%
Match Answer % Correct
Ivory CoastWilly Sagnol
97.4%
Ivory CoastWilliam Gallas
97.4%
Ivory CoastClaude Makélélé
97.4%
Faroe IslandsWilly Sagnol
97.4%
Faroe IslandsWilliam Gallas
97.4%
Faroe IslandsClaude Makélélé
97.4%
Faroe IslandsPatrick Vieira
97.4%
IrelandWilly Sagnol
97.4%
IrelandWilliam Gallas
97.4%
IrelandClaude Makélélé
97.4%
IrelandPatrick Vieira
97.4%
SwitzerlandWilliam Gallas
97.4%
SwitzerlandClaude Makélélé
97.4%
SwitzerlandPatrick Vieira
97.4%
CyprusWilly Sagnol
97.4%
CyprusWilliam Gallas
97.4%
CyprusPatrick Vieira
97.4%
Costa-RicaFabien Barthez
97.4%
Costa-RicaWilliam Gallas
97.4%
GermanyWilly Sagnol
97.4%
GermanyWilliam Gallas
97.4%
GermanyClaude Makélélé
97.4%
SwitzerlandSylvain Wiltord
94.8%
IsraelSylvain Wiltord
94.8%
HungarySylvain Wiltord
94.8%
Ivory CoastSylvain Wiltord
94.8%
IrelandSylvain Wiltord
94.8%
SwitzerlandSylvain Wiltord
94.8%
CyprusSylvain Wiltord
94.8%
Costa-RicaSylvain Wiltord
94.8%
HungaryÉric Abidal
92.2%
Costa-RicaÉric Abidal
92.2%
IsraelFlorent Malouda
90.9%
HungaryFlorent Malouda
90.9%
Ivory CoastFlorent Malouda
90.9%
Faroe IslandsFlorent Malouda
90.9%
SwitzerlandFlorent Malouda
90.9%
Costa-RicaFlorent Malouda
90.9%
GermanyFlorent Malouda
90.9%
SwitzerlandJean-Alain Boumsong
89.6%
IsraelJean-Alain Boumsong
89.6%
Match Answer % Correct
HungaryJean-Alain Boumsong
89.6%
Ivory CoastJean-Alain Boumsong
89.6%
Faroe IslandsJean-Alain Boumsong
89.6%
IrelandJean-Alain Boumsong
89.6%
SwitzerlandJean-Alain Boumsong
89.6%
CyprusJean-Alain Boumsong
89.6%
GermanyJean-Alain Boumsong
89.6%
Costa-RicaNicolas Anelka
88.3%
HungaryDjibril Cissé
85.7%
Faroe IslandsDjibril Cissé
85.7%
CyprusSidney Govou
85.7%
CyprusDjibril Cissé
85.7%
SwedenSébastien Squillaci
83.1%
IsraelAlou Diarra
81.8%
Costa-RicaAlou Diarra
81.8%
SwedenGaël Givet
79.2%
SwitzerlandGaël Givet
79.2%
IsraelGaël Givet
79.2%
Costa-RicaGaël Givet
79.2%
SwedenVikash Dhorasoo
77.9%
SwedenLudovic Giuly
77.9%
SwitzerlandVikash Dhorasoo
77.9%
SwitzerlandLudovic Giuly
77.9%
HungaryVikash Dhorasoo
77.9%
Ivory CoastVikash Dhorasoo
77.9%
IrelandVikash Dhorasoo
77.9%
SwitzerlandVikash Dhorasoo
77.9%
CyprusVikash Dhorasoo
77.9%
Costa-RicaVikash Dhorasoo
77.9%
GermanyVikash Dhorasoo
77.9%
HungaryJérôme Rothen
76.6%
SwedenBenoît Pedretti
74%
SwitzerlandBenoît Pedretti
74%
IsraelBenoît Pedretti
74%
HungaryBenoît Pedretti
74%
HungaryAnthony Réveillère
71.4%
SwitzerlandAnthony Réveillère
71.4%
GermanyAnthony Réveillère
71.4%
SwedenJonathan Zebina
35.1%

You're not logged in!

Compare scores with friends on all Sporcle quizzes.
OR
Log In

Sporcle TV

Today on Sporcle TV


Watch our educational content, quiz creation guides, and fun videos on Sporcle TV.

Show Comments

Extras

Top Quizzes Today


Score Distribution

Paid Content

Your Account Isn't Verified!

In order to create a playlist on Sporcle, you need to verify the email address you used during registration. Go to your Sporcle Settings to finish the process.

Report this User

Report this user for behavior that violates our Community Guidelines.

Details: